Nghiên cứu chiết tách, xác định thành phần Ankaloit trong hạt cau lùn

Tổng quan vấn đề nghiên cứu: cây cau, Ancaloit. Nguyên liệu và phương pháp nghiên cứu. Kết quả và bàn luận: xác định một số chỉ số vật lý; kq chiết tách, xác định thành phần Ankaloit trong hạt cau lùn

Kaydedildi:
Detaylı Bibliyografya
Yazar: Phan, Thị Lợi
Diğer Yazarlar: Đào, Hùng Cường GS.TS (Hướng dẫn)
Materyal Türü: Kitap
Dil:Vietnamese
Baskı/Yayın Bilgisi: Đại học Đà Nẵng Trường đại học Sư Phạm 2011
Seri Bilgileri:Khóa luận tốt nghiệp đại học. Chuyên ngành: Sư phạm hóa
Konular:
Etiketler: Etiketle
Etiket eklenmemiş, İlk siz ekleyin!
Thư viện lưu trữ: Mạng thư viện Đại học Đà Nẵng
LEADER 01580nam a2200349 4500
001 000012571
003 8876
005 20120222100201.0
008 120222s2011 viesd
041 |a vie 
072 |a Khóa luận tốt nghiệp 
082 |a 664.02288  |b PH-L 
100 |a Phan, Thị Lợi 
245 |a Nghiên cứu chiết tách, xác định thành phần Ankaloit trong hạt cau lùn  |c Phan, Thị Lợi 
260 |a Đại học Đà Nẵng  |b Trường đại học Sư Phạm  |c 2011 
300 |a 64 tr.  |b hình mhọa  |c 29 cm 
490 |a Khóa luận tốt nghiệp đại học. Chuyên ngành: Sư phạm hóa 
500 |a Tham khảo tr.cuối 
520 |a Tổng quan vấn đề nghiên cứu: cây cau, Ancaloit. Nguyên liệu và phương pháp nghiên cứu. Kết quả và bàn luận: xác định một số chỉ số vật lý; kq chiết tách, xác định thành phần Ankaloit trong hạt cau lùn 
653 |a Khóa luận tốt nghiệp đại học 
653 |a Khoa Hóa học 
700 |a Đào, Hùng Cường  |c GS.TS  |e Hướng dẫn 
OWN |a LSP 
AVA |a UDN50  |b LSP  |d 664.02288 PH-L  |e available  |t Error 5001 Not defined in file expand_doc_bib_avail.  |f 1  |g 0  |h N  |i 0  |k 1 
999 |a From the UDN01 
AVA |a UDN50  |b LSP  |d 664.02288 PH-L  |e available  |t Error 5001 Not defined in file expand_doc_bib_avail.  |f 1  |g 0  |h N  |i 0  |k 1 
TYP |a Monograph 
TYP |a Printed language 
980 |a Mạng thư viện Đại học Đà Nẵng